000 00596nam a2200181Ia 4500
008 151202s9999||||xx |||||||||||||| ||und||
082 _bPNVM-46894
100 _aभावे मधुकर.
245 _aमंतरलेले दिवस.
260 _b"परचुरे प्रकाशन मंदिर,मुंबई."
260 _c2006
300 _a132
600 _aभावे मधुकर.
630 _aमंतरलेले दिवस.
700 _aभावे मधुकर.
730 _aमंतरलेले दिवस.
942 _cBOOK
999 _c1312844
_d1312841